| 000 | 00783nam a2200241 a 4500 | ||
|---|---|---|---|
| 005 | 20241129063739.0 | ||
| 008 | 140624s2006 mx r 000 0 spa d | ||
| 020 | _a9583021415 (10 dígitos) | ||
| 020 | 0 | _a9789583021411 (13 dígitos) | |
| 035 | _aUPN01000198261 | ||
| 049 | _aI | ||
| 050 | 4 |
_aPZ26.3 _bD6.4 |
|
| 100 | 1 |
_aDoinet, Mymi, _d1958- _935506 |
|
| 245 | 1 | 0 |
_aGastón no se atreve a jugar / _cMymi Doinet ; il. Nanou ; tr. Pedro Badrán Padauí. |
| 260 |
_aBogotá : _bPanamericana, _c2006. |
||
| 300 |
_a[24] p. : _bil. col. |
||
| 440 | 4 | _aLos otros y yo | |
| 534 |
_pTítulo original: _tGaston n'ose pas jouer au ballon |
||
| 650 | 4 |
_aConejos _vCuentos y leyendas _922085 |
|
| 650 | 0 |
_aCuentos infantiles franceses _98588 |
|
| 905 | _aInfantil | ||
| 999 |
_c170362 _d170362 |
||